Індивідуальний підхід у навчанні техніки читання англійською мовою на початковому етапі загальноосвітньої школи (Запис № 281841)

МАРК-запис
000 -LEADER
fixed length control field 02075nam a22001577a 4500
041 ## - LANGUAGE CODE
Language code of text/sound track or separate title ukr
080 ## - UNIVERSAL DECIMAL CLASSIFICATION NUMBER
Universal Decimal Classification number 09
090 ## - LOCALLY ASSIGNED LC-TYPE CALL NUMBER (OCLC); LOCAL CALL NUMBER (OCLC)
Local cutter number (OCLC) ; Book number/undivided call number, CALL (RLIN) КОЛ
100 ## - MAIN ENTRY--PERSONAL NAME
Personal name Колодій Н. Й.
245 ## - TITLE STATEMENT
Title Індивідуальний підхід у навчанні техніки читання англійською мовою на початковому етапі загальноосвітньої школи
260 ## - PUBLICATION, DISTRIBUTION, ETC. (IMPRINT)
Place of publication, distribution, etc Острог
Name of publisher, distributor, etc КАФ
Date of publication, distribution, etc 2003
300 ## - PHYSICAL DESCRIPTION
Extent 55
520 ## - SUMMARY, ETC.
Summary, etc Розділ 1. Лінгвопсихологічні аспекти навчання техніки читання англійською мовою на початковому етапі загальноосвітньої школи.<br/>1.1. Лінгвістичні особливості навчання техніки читання англійською мовою.<br/>1.2. Індивідуально-психологічні особливості учнів у процесі засвоєння технічних навичок читання англійською мовою та види індивідуалізаціїю<br/>Розділ 2. Організація процесу формування технічних навичок читання англійською мовою на початковому етапі ЗОШ.<br/>2.1. Відбір та організація матеріалу для навчання техніки читання англійською мовою на початковому етапі загальноосвітньої школи.<br/>2.2. Модель навчального процесу з використанням індивідуального підходу до навчання техніки читання англійською мовою.<br/>2.3. Комплекс індивідуалізованих вправ для формування навичок техніки читання на початковому етапі.
-- Навчання, техніка читання, навчальний процес.
650 ## - SUBJECT ADDED ENTRY--TOPICAL TERM
Topical term or geographic name as entry element Research Papers
942 ## - ADDED ENTRY ELEMENTS (KOHA)
Koha item type Книги
Фонди
Withdrawn status Lost status Source of classification or shelving scheme Damaged status Not for loan Home library Current library Date acquired Source of acquisition Coded location qualifier Cost, normal purchase price Total Checkouts Full call number Barcode Date last seen Price effective from Koha item type
    Universal Decimal Classification     ВІЛ - Відділ іноземн. літератури НБ ВІЛ - Відділ іноземн. літератури НБ 08/08/2005 Акт 03\01 В11 1.00   09 208771 20/12/2021 01/09/2003 Книги